Caton de taquigrafia. compendio de la estenografia argentina /

Guardado en:
Autor Principal: Larralde, Gabriel
Formato: Libro
Publicado: Argentina : El Ateneo, 1946
Materias:
Etiquetas: Agregar Etiqueta
Sin Etiquetas, Sea el primero en etiquetar este registro!
LEADER 01177nam a22002775a 4500
001 CEM.cems003735
005 19000101000000.0
008 130507s1946##################000#0#####d
003 CEMS
082 0 4 |a 653 
100 1 |a Larralde, Gabriel 
245 1 0 |a Caton de taquigrafia. compendio de la estenografia argentina / 
260 |a Argentina :  |b El Ateneo,  |c 1946 
300 |a 207 p. 
653 |a Taquigrafia 
859 |a CEMS  |b BIB. CEMS - 11 de abril  |h 653  |i L328  |p 3115.74  |t Ej.1 
859 |a CEMS  |b BIB. CEMS - 11 de abril  |h 653  |i L328  |p 3173.74  |t Ej.2 
859 |a CEMS  |b BIB. CEMS - 11 de abril  |h 653  |i L328  |p 3266.74  |t Ej.5 
859 |a CEMS  |b BIB. CEMS - 11 de abril  |h 653  |i L328  |p 3621.75  |t Ej.4 
859 |a CEMS  |b BIB. CEMS - 11 de abril  |h 653  |i L328  |p 4864.76  |t Ej.6 
859 |a CEMS  |b BIB. CEMS - 11 de abril  |h 653  |i L328  |p 4865.76  |t Ej.7 
859 |a CEMS  |b BIB. CEMS - 11 de abril  |h 653  |i L328  |p 4866.76  |t Ej.8 
859 |a CEMS  |b BIB. CEMS - 11 de abril  |h 653  |i L328  |p 4867.76  |t Ej.9 
859 |a CEMS  |b BIB. CEMS - 11 de abril  |h 653  |i L328  |p 4868.76  |t Ej.10 
859 |a CEMS  |b BIB. CEMS - 11 de abril  |h 653  |i L328  |p 4869.76  |t Ej.11 
859 |a CEMS  |b BIB. CEMS - 11 de abril  |h 653  |i L328  |p 5934.77  |t Ej.3